00846 a2200169 4500003000500000005001700005040000900022082001600031100003400047245018900081260003300270300001200303505030200315650001600617651001000633700003300643Nust20251111143833.0 cNust a621.382,JAL aJalil , NC Adeeluddin (TCC-9) aDesign and demonstration of a multi channel speech compression system as per E1 Standard /cNC Adeeluddin Jalil , NC Amina Saleem ,NC Haroon Muhammad , NC Naveed Haq and PC Imran Fazal aRawalpindibMCS (NUST)c2001 a190 p.; aIntroduction (page-10), Major Components (page-16), CMOS 8 Bit 17c7xx Microcontroller (Page-310, The Functional Block Diagram (Page-43), Microcontroller Functionality (Page-72), Programmable Logic Devices (Page-112), PCB Design (Page-123), Bit Generation Program (PAge-132), Conclusion (Page-171). aUG Projects aTCC-9 aSupervised by Colonel Ashraf